| 000 | 00377nam a2200145Ia 4500 | ||
|---|---|---|---|
| 008 | 230411s9999 xx 000 0 und d | ||
| 020 | _a978-93-5465-469-5 | ||
| 041 | _aeng | ||
| 082 | _aF/910.73/CLE/B09856 | ||
| 100 |
_aClement I _9119826 |
||
| 245 | _aNursing Foundation - II | ||
| 260 |
_bJaypee Brothers _aNew Delhi _c2022 |
||
| 300 | _a646p | ||
| 999 |
_c158698 _d158698 |
||